000 00238nam a2200097Ia 4500
001 707615
005 20250826162511.0
008 250824s9999 xx 000 0 und d
245 0 _aMONTE CRISTO
_cALEXANDRE DUMAS
260 _bTİMAŞ YAYINLARI
999 _c707615
_d707615